Footballers by Childhood Photo - Statistics

General Stats
  • This quiz has been taken 139 times
  • The average score is 10 of 16
Answer Stats
Picture Answer % Correct
Ronaldinho
93%
Kylian Mbappé
91%
Lionel Messi
89%
Pelé
87%
Neymar
84%
Erling Haaland
71%
Kevin De Bruyne
71%
Cristiano Ronaldo
70%
Johan Cruyff
69%
Diego Maradona
68%
David Beckham
65%
Luka Modrić
40%
Vinícius Júnior
29%
Zlatan Ibrahimović
24%
Franz Beckenbauer
8%
James Rodríguez
3%
No matching quizzes found
Score Distribution
Percent of People with Each Score
Percentile by Number Answered
Your Score History
You have not taken this quiz